| 000 | 00336nam a2200133Ia 4500 | ||
|---|---|---|---|
| 005 | 20260328101501.0 | ||
| 008 | 260328s9999||||xx |||||||||||||| ||und|| | ||
| 100 | _aEisenman, Peter | ||
| 245 | 0 |
_aWexner Center for the Visual Arts / _cPeter Eisenman |
|
| 260 | _bArchitectural Design | ||
| 300 | _a80 p. | ||
| 650 | _aMUSEOS | ||
| 942 | _cBK | ||
| 999 |
_c8953 _d8953 |
||